000 00753nam a2200253Ia 4500
003 OSt
005 20220928111636.0
006 a|||||r|||| 00| 0
007 ta
008 220927b |||||||| |||| 00| 0 hin d
020 _c425
024 _a117190
037 _b178, 19/09/2012, Eastern Book Linkers
_cTextual
040 _aSDCL
_cSDCL
_bhin
041 _2hin
_ahin
082 _aO15:gxK75,1, Q2
100 _aChauhan Dalveer Singh
_9424487
245 0 _aRas-ganga-dhar.
260 _aVaranasi
_bChowkhamba Krishnadas Academy
_c2012
300 _a906p
_ccm.
650 _aSanskrit
_9391587
942 _hO15:gxK75,1, Q2
_cTEXL
_2CC
999 _c741215
_d741215